South Eastern Kenya University

Library Online Public Access Catalogue


Handbook of filter Synthesis (Record no. 18370)

MARC details
000 -LEADER
fixed length control field 00446nam a22001817a 4500
003 - CONTROL NUMBER IDENTIFIER
control field OSt
005 - DATE AND TIME OF LATEST TRANSACTION
control field 20231015111524.0
008 - FIXED-LENGTH DATA ELEMENTS--GENERAL INFORMATION
fixed length control field 231015b |||||||| |||| 00| 0 eng d
022 ## - INTERNATIONAL STANDARD SERIAL NUMBER
Source 9780471749424
040 ## - CATALOGING SOURCE
Original cataloging agency SEKU
050 ## - LIBRARY OF CONGRESS CALL NUMBER
Classification number TK 7872
Item number .Z84
100 ## - MAIN ENTRY--PERSONAL NAME
Personal name Zverey I. Anatol
245 ## - TITLE STATEMENT
Title Handbook of filter Synthesis
260 ## - PUBLICATION, DISTRIBUTION, ETC. (IMPRINT)
Place of publication, distribution, etc. Canada:
Date of publication, distribution, etc. Wiley Interscience,
Name of publisher, distributor, etc. 2005.
300 ## - PHYSICAL DESCRIPTION
Extent 571p.:
650 ## - SUBJECT ADDED ENTRY--TOPICAL TERM
Topical term or geographic name as entry element Electric
General subdivision Filter
942 ## - ADDED ENTRY ELEMENTS (KOHA)
Source of classification or shelving scheme Library of Congress Classification
Koha item type General circulation
Holdings
Withdrawn status Lost status Source of classification or shelving scheme Damaged status Not for loan Home library Current library Shelving location Date acquired Source of acquisition Total Checkouts Full call number Barcode Date last seen Price effective from Koha item type
    Library of Congress Classification     Main Campus Library Main Campus Library General Stacks 15/10/2023 Purchase   TK 7872 .Z84 2023/026128 15/10/2023 15/10/2023 General circulation
    Library of Congress Classification     Main Campus Library Main Campus Library General Stacks 15/10/2023 Purchase   TK 7872 .Z84 2023/026129 15/10/2023 15/10/2023 General circulation
Kitui, Kenya.
+254736116989
library@seku.ac.ke